| 000 | 00418nam a2200157Ia 4500 | ||
|---|---|---|---|
| 008 | 221030s9999 xx 000 0 und d | ||
| 020 | _a8120308484 | ||
| 041 | _aEnglish | ||
| 082 |
_a105.23 _bRaf |
||
| 100 | _aM. Rafiquzzaman | ||
| 245 | 0 |
_aMicroprocessors : Theory & Applications (Intel and Motorala) _cby M. Rafiquzzaman |
|
| 260 |
_bPHI _aNew Delhi _c1999 |
||
| 300 | _a468 | ||
| 650 | _aBE Computer | ||
| 942 | _cBK | ||
| 999 |
_c5473 _d5473 |
||